ROH Final Battle Main Eventers - Statistics

General Stats
  • This quiz has been taken 117 times
    13 since last reset
  • The average score is 28 of 40
Answer Stats
No. of Matches Last Main Evented Wrestler % Correct
2 2008 Bryan Danielson
100%
1 2003 Christopher Daniels
100%
1 2017 Dalton Castle
100%
4 2018 Jay Briscoe
100%
2 2021 Jay Lethal
100%
2 2018 Mark Briscoe
100%
2 2020 Rush
100%
2 2004 Samoa Joe
100%
3 2016 Adam Cole
89%
1 2015 AJ Styles
89%
1 2009 Austin Aries
89%
1 2022 Claudio Castagnoli
89%
1 2017 Cody
89%
1 2011 Davey Richards
89%
1 2016 Kyle O'Reilly
89%
2 2005 Low Ki
89%
1 2019 PCO
89%
1 2011 Eddie Edwards
78%
1 2006 Homicide
78%
1 2021 Jonathan Gresham
78%
1 2018 Matt Jackson
78%
1 2018 Nick Jackson
78%
1 2008 Takeshi Morishima
78%
3 2025 Athena
67%
1 2020 Brody King
67%
1 2022 Chris Jericho
67%
2 2012 El Generico
67%
1 2018 Frankie Kazarian
67%
2 2012 Kevin Steen
67%
1 2013 Michael Elgin
67%
2 2024 Billie Starkz
56%
1 2018 Scorpio Sky
56%
2 2009 Tyler Black
56%
1 2025 Persephone
33%
1 2002 Steve Corino
33%
1 2003 Dan Maff
22%
1 2007 Jimmy Jacobs
22%
1 2005 KENTA
11%
1 2003 The Great Muta
11%
1 2003 Arashi
0%
No matching quizzes found
Score Distribution
Percent of People with Each Score
Percentile by Number Answered
Your Score History
You have not taken this quiz since the last reset